| 000 | 01008 a2200229 4500 | ||
|---|---|---|---|
| 001 | 63072 | ||
| 005 | 20260407155926.0 | ||
| 008 | 260407a2024 arg spa d | ||
| 003 | AR-UNSa-BCEJYS | ||
| 040 |
_aAR-UNSa-BCEJYS _bspa _cAR-UNSa-BCEJYS |
||
| 080 |
_a341.231.14 _x(Derechos humanos (En el derecho internacional, refugiados, asilados, reclutamiento de niños y jóvenes...)) |
||
| 245 | 1 | 0 |
_aLa doctrina del control de convencionalidad en el sistema interamericano _pFundamentos, alcances, problemas y soluciones |
| 020 | _a978-987-03-4837-5 | ||
| 264 | 1 |
_aBuenos Aires : _bLa Ley _c2024 |
|
| 300 |
_axviii, 367 p. _c24 cm. |
||
| 505 | _a1. Introducción - 2. Causas y fundamentos - 3. Límites a la doctrina - 4. Cosa juzgada nacional e internacional - 5. Conclusiones | ||
| 041 | _aspa | ||
| 942 | _cBK | ||
| 590 | _aniveau_biblio:m niveau_hierar:0 | ||
| 100 | 1 | _aColombo Murúa, Ignacio | |
| 856 | 4 | 1 |
_uhttp://www.biblioeco.unsa.edu.ar/pmb/images/libros/L129389.jpg _yImagen de portada _qimage/jpeg |
| 999 |
_c7972 _d7972 |
||